108 questions and answers on mutual funds and SIP [3rd ed.] (Record no. 57278)
[ view plain ]
| 000 -LEADER | |
|---|---|
| fixed length control field | 00702nam a2200241Ia 4500 |
| 005 - DATE AND TIME OF LATEST TRANSACTION | |
| control field | 20260629163254.0 |
| 008 - FIXED-LENGTH DATA ELEMENTS--GENERAL INFORMATION | |
| fixed length control field | 260629s9999||||xx |||||||||||||| ||und|| |
| 020 ## - INTERNATIONAL STANDARD BOOK NUMBER | |
| International Standard Book Number | 9781947586321 |
| Qualifying information | pbk |
| 082 ## - DEWEY DECIMAL CLASSIFICATION NUMBER | |
| Classification number | 332.6327 |
| Item number | ADE.3E |
| 100 ## - MAIN ENTRY--PERSONAL NAME | |
| Personal name | Ade, Parimal |
| 245 #0 - TITLE STATEMENT | |
| Title | 108 questions and answers on mutual funds and SIP [3rd ed.] |
| 250 ## - EDITION STATEMENT | |
| Edition statement | 3rd ed. |
| 260 ## - PUBLICATION, DISTRIBUTION, ETC. | |
| Place of publication, distribution, etc. | Chennai |
| Name of publisher, distributor, etc. | Notion Press |
| Date of publication, distribution, etc. | 2023 |
| 300 ## - PHYSICAL DESCRIPTION | |
| Extent | xvi, 210p. ; 20cm. |
| 653 ## - INDEX TERM--UNCONTROLLED | |
| Uncontrolled term | Financial literacy |
| 653 ## - INDEX TERM--UNCONTROLLED | |
| Uncontrolled term | Investment analysis |
| 653 ## - INDEX TERM--UNCONTROLLED | |
| Uncontrolled term | Mutual funds Systematic investment plans |
| 653 ## - INDEX TERM--UNCONTROLLED | |
| Uncontrolled term | Personal finance |
| 653 ## - INDEX TERM--UNCONTROLLED | |
| Uncontrolled term | Portfolio management |
| 653 ## - INDEX TERM--UNCONTROLLED | |
| Uncontrolled term | Saving and investment |
| 700 ## - ADDED ENTRY--PERSONAL NAME | |
| Personal name | Jain, Gaurav |
| 942 ## - ADDED ENTRY ELEMENTS (KOHA) | |
| Koha item type | Book |
| Withdrawn status | Lost status | Damaged status | Not for loan | Home library | Current library | Shelving location | Date acquired | Source of acquisition | Total Checkouts | Full call number | Barcode | Date last seen | Price effective from | Koha item type |
|---|---|---|---|---|---|---|---|---|---|---|---|---|---|---|
| LRC, IIT Indore | LRC, IIT Indore | 3rd Floor - General Stack | 29/06/2026 | Gratis Book Price: INR 299.00 | 332.6327 ADE.3E | G2503 | 29/06/2026 | 29/06/2026 | Book |
